Jesus Lord and Christ (Record no. 714)

MARC details
000 -LEADER
fixed length control field 00603nam a2200241 a 4500
020 ## - INTERNATIONAL STANDARD BOOK NUMBER
ISBN
082 00 - DEWEY DECIMAL CLASSIFICATION NUMBER
Classification number 232
Author Cutter KNO
100 ## - MAIN ENTRY--AUTHOR NAME
Author name Knox, John
245 ## - TITLE STATEMENT
Title Jesus Lord and Christ
Sub title Comprising the Man Christ Jesus Chrit the Lord on th
260 ## - PUBLICATION, DISTRIBUTION, ETC. (IMPRINT)
Place of publication New York
Name of publisher Harper and Row
Year of publication 1958
300 ## - PHYSICAL DESCRIPTION
Number of Pages 278p
500 ## - GENERAL NOTE
General note includes index and biblioraphy
505 2# - FORMATTED CONTENTS NOTE
Formatted contents note Index
650 ## - SUBJECT ADDED ENTRY--TOPICAL TERM
Topical Term Jesus Christ
942 ## - ADDED ENTRY ELEMENTS (KOHA)
Koha item type Books
700 1# -
-- Knox, John
Holdings
Collection code Home library Current library Date acquired Cost, normal purchase price Full call number Accession Number Koha item type
  Henry Martyn Institute Library Henry Martyn Institute Library 06/15/2007 184.00 232 KNO 02416 Books
                   Copyright © 2026 | Henry Martyn Institute | Hyderabad | TS-500052 | INDIA | Implemented by hmi.edu.in
Hit-Count:

Powered by Koha